Guía para la elaboración de planes de contingencia en archivos / (Registro nro. 4027)
[ vista simple ]
| 000 -LEADER | |
|---|---|
| fixed length control field | 00995nam a2200253Ia 4500 |
| 003 - CONTROL NUMBER IDENTIFIER | |
| control field | OSt |
| 005 - DATE AND TIME OF LATEST TRANSACTION | |
| control field | 20200327102810.0 |
| 008 - FIXED-LENGTH DATA ELEMENTS--GENERAL INFORMATION | |
| fixed length control field | 191128s2011 ck ad gr 000 0dspa d |
| 020 ## - INTERNATIONAL STANDARD BOOK NUMBER | |
| International Standard Book Number | 9789588242255 |
| 040 ## - CATALOGING SOURCE | |
| Original cataloging agency | CO-JMCR |
| Transcribing agency | CO-JMCR |
| 082 04 - DEWEY DECIMAL CLASSIFICATION NUMBER | |
| Classification number | 025.82 / |
| Item number | Z35a |
| 100 1# - MAIN ENTRY--PERSONAL NAME | |
| Personal name | Zapata Cárdenas, Carlos Alberto, |
| Relator term | autor |
| 9 (RLIN) | 2019 |
| 245 10 - TITLE STATEMENT | |
| Title | Guía para la elaboración de planes de contingencia en archivos / |
| Statement of responsibility, etc. | Carlos Alberto Zapara Cárdenas |
| 260 ## - PUBLICATION, DISTRIBUTION, ETC. | |
| Place of publication, distribution, etc. | Bogotá : |
| Name of publisher, distributor, etc. | Archivo General de la Nación, |
| Date of publication, distribution, etc. | 2011 |
| 300 ## - PHYSICAL DESCRIPTION | |
| Extent | 44 páginas : |
| Other physical details | tablas, gráficas ; |
| Dimensions | 22 x 28 cm. |
| 490 0# - SERIES STATEMENT | |
| Series statement | Guías AGN Colombia |
| 504 ## - BIBLIOGRAPHY, ETC. NOTE | |
| Bibliography, etc. note | Incluye bibliografía. |
| 505 ## - FORMATTED CONTENTS NOTE | |
| Formatted contents note | Preservación de la Memoria Histórica -- Planes de continuidad del negocio -- Planes de contingencia en archivos -- Consideraciones finales |
| 546 ## - LANGUAGE NOTE | |
| Language note | spa |
| 650 14 - SUBJECT ADDED ENTRY--TOPICAL TERM | |
| Topical term or geographic name entry element | Gestión documental |
| General subdivision | Guías |
| 9 (RLIN) | 2020 |
| 650 24 - SUBJECT ADDED ENTRY--TOPICAL TERM | |
| Topical term or geographic name entry element | Conservación de documentos |
| General subdivision | Guías |
| 9 (RLIN) | 2021 |
| 650 24 - SUBJECT ADDED ENTRY--TOPICAL TERM | |
| Topical term or geographic name entry element | Patrimonio documental |
| General subdivision | Guías |
| 9 (RLIN) | 2022 |
| 942 ## - ADDED ENTRY ELEMENTS (KOHA) | |
| Source of classification or shelving scheme | Dewey Decimal Classification |
| Koha item type | Books |
| Withdrawn status | Lost status | Source of classification or shelving scheme | Materials specified (bound volume or other part) | Damaged status | Not for loan | Home library | Current library | Date acquired | Source of acquisition | Cost, normal purchase price | Total Checkouts | Full call number | Barcode | Date last seen | Copy number | Price effective from | Koha item type |
|---|---|---|---|---|---|---|---|---|---|---|---|---|---|---|---|---|---|
| Dewey Decimal Classification | Donación--11/04/2018-- | Biblioteca Pública José María del Castillo y Rada | Biblioteca Pública José María del Castillo y Rada | 11/28/2019 | Donación | 0.00 | 025.82 / Z35a | 201808821 | 05/16/2024 | Ej.1 | 11/28/2019 | Books |